00310nam a2200121 a 450000500170000000800410001702000180005805000200007624500230009626000450011930000070016465000170017120140414132123.0131216s19uu xx 00 eng d a9781934618479 aTRbHoo789 2009 aHooray for hands!. aNew York :bSterling Publishing,cc2009. a16 aHands-xuses